Property Week supplement: international (Record no. 104684)

MARC details
000 -LEADER
fixed length control field 00527cab a2200169 4500
001 - CONTROL NUMBER
control field ##L131206
008 - FIXED-LENGTH DATA ELEMENTS--GENERAL INFORMATION
fixed length control field 050510n2005 000 0 eng u
035 ## - SYSTEM CONTROL NUMBER
System control number (Sirsi) u131206
041 1# - LANGUAGE CODE
Language code of text/sound track or separate title eng
-- ger
245 00 - TITLE STATEMENT
Title Property Week supplement: international
260 ## - PUBLICATION, DISTRIBUTION, ETC.
Date of publication, distribution, etc. 2005
490 #0 - SERIES STATEMENT
Series statement Property Week
Volume/sequential designation 70(39) 30 September 2005, (LOAN)
520 ## - SUMMARY, ETC.
Summary, etc. Focuses on the commercial property market in Germany, Bulgaria, Romania and central Europe.
590 ## - LOCAL NOTE (RLIN)
Local note IKA111005
690 ## - LOCAL SUBJECT ADDED ENTRY--TOPICAL TERM (OCLC, RLIN)
Topical term or geographic name as entry element PROPERTY-COMMERCIAL PROPERTY
942 ## - ADDED ENTRY ELEMENTS (KOHA)
Suppress in OPAC 0
Holdings
Withdrawn status Lost status Source of classification or shelving scheme Damaged status Not for loan Home library Current library Shelving location Date acquired Total Checkouts Full call number Barcode Date last seen Copy number Price effective from Koha item type
    Dewey Decimal Classification     London London Journal article 06/10/2005   L131206 131206-1001 06/08/2019 1 06/08/2019 Journal article